| 000 | 00400cam a22001217a 4500 | ||
|---|---|---|---|
| 008 | 180718b1960 xxu||||| |||| 00| 0 eng d | ||
| 082 | _aW4x54 In2 | ||
| 100 | _aKhanna, T.S. | ||
| 245 |
_aAdministratin of traffic enforcement with special reference to Delhi _cby T.S. Khanna |
||
| 260 |
_aNew Delhi _bIndian Institute of Public Administration _c1960 |
||
| 300 | _a30p. | ||
| 650 | _aTransportation - India | ||
| 999 |
_c502084 _d502084 |
||